RESEARCH PAPERS:A GUIDE AND WORKBOOK (Record no. 215779)

MARC details
000 -LEADER
fixed length control field 00600nam a22001937a 4500
008 - FIXED-LENGTH DATA ELEMENTS--GENERAL INFORMATION
fixed length control field 250625b |||||||| |||| 00| 0 eng d
020 ## - INTERNATIONAL STANDARD BOOK NUMBER
International Standard Book Number 9780618549788
050 ## - LIBRARY OF CONGRESS CALL NUMBER
Classification number LB 2369 .A 75 2006
Item number 1
100 ## - MAIN ENTRY--PERSONAL NAME
Personal name ARKIN MARIAN
245 ## - TITLE STATEMENT
Title RESEARCH PAPERS:A GUIDE AND WORKBOOK
250 ## - EDITION STATEMENT
Edition statement 2
260 ## - PUBLICATION, DISTRIBUTION, ETC.
Place of publication, distribution, etc. BOSTON,
Name of publisher, distributor, etc. HOUGHTON MIFFLIN COMPANY,
Date of publication, distribution, etc. 2006,
300 ## - PHYSICAL DESCRIPTION
Extent XViii, 382 P, ILL
500 ## - GENERAL NOTE
General note INCLUDES BIBLIOGRAPHICAL REFERENCES AND INDEX
650 ## - SUBJECT ADDED ENTRY
Topical term or geographic name entry element Report writing Handbooks, manuals, Research Handbooks, manuals
700 ## - ADDED ENTRY--PERSONAL NAME
Personal name MACHESKI CECILIA
942 ## - ADDED ENTRY ELEMENTS (KOHA)
Source of classification or shelving scheme Library of Congress Classification
Koha item type Long Loan Book
Holdings
Withdrawn status Lost status Source of classification or shelving scheme Damaged status Not for loan Collection Home library Current library Shelving location Date acquired Inventory number Total checkouts Full call number Barcode Date last seen Copy number Price effective from Koha item type
    Library of Congress Classification     Arts & Social Sciences Kisii University Library Kisii University Library On Display 06/25/2025 108644   LB 2369 .A 75 2006 000000017695 06/25/2025 1 06/25/2025 Long Loan Book
    Library of Congress Classification     Arts & Social Sciences Kisii University Library Kisii University Library On Display 06/25/2025 108645   LB 2369 .A 75 2006 000000017694 06/25/2025 2 06/25/2025 Long Loan Book
    Library of Congress Classification     Arts & Social Sciences Kisii University Library Kisii University Library On Display 06/25/2025 108646   LB 2369 .A 75 2006 000000017693 06/25/2025 3 06/25/2025 Long Loan Book
    Library of Congress Classification     Arts & Social Sciences Kisii University Library Kisii University Library On Display 06/25/2025 108647   LB 2369 .A 75 2006 000000017692 06/25/2025 4 06/25/2025 Long Loan Book
    Library of Congress Classification     Arts & Social Sciences Kisii University Library Kisii University Library On Display 06/25/2025 108648   LB 2369 .A 75 2006 000000017691 06/25/2025 5 06/25/2025 Long Loan Book